Name Every Masterchef AU Contestant - Statistics

General Stats
  • This quiz has been taken 355 times
    27 since last reset
  • The average score is 128 of 311
Answer Stats
Season Answer % Correct
4 Andy Allen
93%
10 Ben Borsht
93%
6 Ben Macdonald
93%
4 Ben Milbourne
93%
11 Ben Trobbiani
93%
9 Ben Ungermann
93%
1 Julie Goodwin
93%
13 Brent Draper
86%
6 Brent Owens
86%
1 Brent Parker-Jones
86%
10 Jo Kendray
86%
3 Kate Bracks
86%
2 Kate Nugara
86%
1 Kate Rodrigues
86%
1 Poh Ling Yeow
86%
9 Ray Silva
86%
13 Tom Levick
86%
1 Tom Mosby
86%
3 Tom Rutledge
86%
7 Billie McKay
79%
3 Billy Law
79%
1 Chris Badenoch
79%
14 Chris Tran
79%
13 Dan Dumbrell
79%
5 Dan Tuddenham
79%
7 Reynold Poernomo
79%
7 John Carasig
79%
4 Kath von Witt
79%
1 Andre Ursini
71%
3 Dani Venn
71%
5 Emma Dean
71%
4 Emma O'Shaughnessy
71%
3 Hayden Quinn
71%
9 Jess Butler
71%
11 Jess Hall
71%
13 Jess Hodge
71%
10 Jess Liemantara
71%
1 Julia Jenkins
71%
4 Julia Taylor
71%
6 Laura Cassai
71%
3 Mat Beyer
71%
6 Nick Doyle
71%
13 Pete Campbell
71%
9 Pete Morgan
71%
1 Sam Ciaravolo
71%
4 Sam Davis
71%
6 Sam Gant
71%
9 Sam Goodman
71%
7 Sara Oteri
71%
6 Sean Baxter
71%
3 Adam Bowen
64%
2 Adam Liaw
64%
8 Adam Mizzi
64%
7 Amy Luttrell
64%
6 Amy Shields
64%
15 Amy Tanner
64%
2 Callum Hann
64%
15 Cath Collins
64%
2 Daniel Aulsebrook
64%
5 Daniel Churchill
64%
14 Daniel Lamble
64%
15 Declan Cleary
64%
6 Emelia Jackson
64%
7 Jessica Arnott
64%
15 Jessica Perri
64%
2 Jimmy Seervai
64%
8 Jimmy Wong
64%
7 Kha Nguyen
64%
4 Matt Howell
64%
14 Matt Landmark
64%
8 Matt Sinclair
64%
1 Pasquale "Nic" Ciampa
64%
15 Phil Conway
64%
15 Rhiannon Anderson
64%
10 Sashi Cheliah
64%
11 Steph De Sousa
64%
14 Steph Woon
64%
11 Tim Bone
64%
10 Tim Talam
64%
14 Ali Stoner
57%
8 Elena Duggan
57%
7 Georgia Barnes
57%
6 Georgia Hughes
57%
8 Harry Foster
57%
14 Harry Tomlinson
57%
1 Justine Schofield
57%
13 Justin Narayan
57%
10 Khanh Ong
57%
15 Larissa Sewell
57%
11 Larissa Takchi
57%
4 Mario Mohorko
57%
2 Sarah Carmichael
57%
10 Sarah Clare
57%
9 Sarah Tiong
57%
6 Sarah Todd
57%
11 Simon Toohey
57%
2 Aaron Harvie
50%
13 Aaron Sanders
50%
1 Aaron Thomas
50%
3 Alana Lowes
50%
15 Alice Han
50%
4 Alice Zaslavsky
50%
7 Andrea Farinha
50%
15 Andrea Puglisi
50%
4 Audra Morrice
50%
6 Brendan Langfield
50%
10 Brendan Pang
50%
3 Danielle Dixon
50%
6 Jamie Fleming
50%
7 Jamie Ward
50%
13 Linda Dalrymple
50%
1 Linda Kowalski
50%
2 Matthew Caldicott
50%
7 Matthew Hopcraft
50%
5 Michael Todd
50%
3 Michael Weldon
50%
4 Mindy Woods
50%
2 Peter Kritikides
50%
3 Peter Vickery
50%
15 Rue Mupedzi
50%
10 Aldo Ortado
43%
2 Alvin Quah
43%
4 Amina El Shafei
43%
8 Chloe Bowles
43%
10 Chloe Carroll
43%
13 Depinder Chhibber
43%
9 Diana Chan
43%
13 Tommy Pham
43%
3 Ellie Paxton-Hall
43%
6 Emily Loo
43%
7 James Bell
43%
2 Jonathan Daddia
43%
2 Marion Grasby
43%
1 Melissa Lutton
43%
1 Michelle Darlington
43%
9 Michelle Lukman
43%
10 Michelle Walsh
43%
6 Nicole Cleave
43%
11 Nicole Scott
43%
9 Nicole Wellington
43%
10 Samira Damirova
43%
5 Samira El Khafir
43%
1 Sandra Moreno
43%
7 Stephen Rooney
43%
15 Theo Loizou
43%
3 Andrew Henderson
36%
5 Andrew Prior
36%
4 Andrew Strickland
36%
15 Antonio Cruz Vaamonde
36%
8 Brett Carter
36%
10 Brett McGrath
36%
5 Christina Batista
36%
11 Christina Laker
36%
2 Claire Winton Burn
36%
6 Colin Sheppard
36%
2 Courtney Roulston
36%
2 Dominic Corrigan
36%
8 Elise Franciskovic
36%
13 Elise Pulbrook
36%
1 Engenia "Geni" Papacostas
36%
15 Grace Jupp
36%
14 Jenn Lee
36%
10 Jenny Lam
36%
7 Jessie Spiby
36%
1 Josh Catalano
36%
9 Josh Clearihan
36%
5 Jules Allen
36%
4 Jules Pike
36%
14 Keyma Vasquez Montero
36%
10 Kristen Sheffield
36%
7 Kristina Short
36%
4 Kylie Millar
36%
5 Lynton Tapp
36%
7 Marcus Cher
36%
13 Minoli De Silva
36%
14 Montana Hughes
36%
2 Phillip Vakos
36%
3 Rachel McSweeney
36%
15 Ralph Kahango
36%
15 Robbie Cooper
36%
13 Scott Bagnell
36%
6 Scott Yeoman
36%
3 Shannon Smyth
36%
11 Tessa Boersma
36%
6 Tracy Collins
36%
9 Trent Devincenzo
36%
8 Trent Harvey
36%
13 Trent Vu
36%
10 Adele Elliott
29%
2 Adele Fragnitio
29%
15 Adi Nevgi
29%
13 Amir Manoly
29%
7 Anna Webster
29%
4 Beau Cook
29%
3 Chelsea Fammartino
29%
8 Con Vailas
29%
14 Dulan Hapuarachchi
29%
13 Eric Mao
29%
8 Heather Day
29%
7 Jarrod Trigg
29%
3 Jay Huxley
29%
2 Joanne Zalm
29%
11 Joe Ahern
29%
13 Kishwar Chowdhury
29%
3 Kumar Pereira
29%
1 Lucas Parsons
29%
5 Lucy Wallrock
29%
15 Malissa Fedele
29%
14 Max Kaprivsky
29%
14 Melanie Persson
29%
10 Metter Chin
29%
10 Reece Hignell
29%
5 Rishi Desai
29%
7 Rose Adam
29%
11 Sandeep Pandit
29%
1 Trevor Forster
29%
5 Xavier Doran
29%
8 Zoe Konikkos
29%
3 Alex Glasson
21%
8 Anastasia Zolotarev
21%
3 Arena Dunn
21%
7 Ashleigh Barehamm
21%
8 Ashley McConnell
21%
9 Benjamin Bullock
21%
9 Bryan Zhu
21%
3 Cleo Kerameas
21%
3 Craig Young
21%
4 Debra Sederland
21%
11 Dee Williams
21%
11 Derek Lau
21%
4 Filippo Silvestro
21%
7 Fiona Grindlay
21%
2 Fiona Inglis
21%
10 Gina Ottaway
21%
7 Jacqui Ackland
21%
2 Jake Bujayer
21%
13 Katrina Dunnett
21%
4 Kevin Perry
21%
10 Loki Madireddi
21%
4 Lydia Guerrini
21%
8 Mimi Baines
21%
5 Noelene Marchwiki
21%
5 Pip Sumbak
21%
13 Sabina Newton
21%
3 Seamus Ashley
21%
2 Skye Craig
21%
6 Steven Peh
21%
3 Sun Etheridge
21%
6 Tash Shan
21%
8 Theresa Visintin
21%
4 TK Nguyen
21%
5 Totem Douangmala
21%
4 Tregan Borg
21%
4 Wade Drummond
21%
11 Abbey Rose
14%
11 Anushka Zargaryan
14%
7 Ava Stangherlin
14%
2 Carrie Johnston
14%
8 Charlie Sartori
14%
4 Dalvinder Dhami
14%
2 Devon Headland
14%
9 Eliza Wilson
14%
10 Hoda Kobeissi
14%
6 Kira Westwick
14%
9 Lee Behan
14%
10 Lisa Diep
14%
13 Maja Veit
14%
11 Mandy Hall
14%
7 Melita Tough
14%
8 Miles Pritchett
14%
5 Nicky Agahari
14%
8 Nicolette Stathopoulos
14%
6 Rachael Ciesiolka
14%
9 Rashedul Hasan
14%
6 Renae Smith
14%
9 Samuel Whitehead
14%
11 Tati Carlin
14%
13 Therese Lum
14%
5 Vern Fitzgerald
14%
13 Wynona Davies
14%
13 YoYo Yang
14%
9 Arum Nixon
7%
9 Benita Orwell
7%
6 Byron Finnerty
7%
9 Callan Smith
7%
8 Cecilia Vuong
7%
5 Clarissa Dodawec
7%
13 Conor Curran
7%
5 Daniel Kelty
7%
6 Deepali Behar
7%
10 Denise Valdez
7%
9 Eloise Praino
7%
5 Faiza Rehman
7%
11 Huda Al Sultan
7%
9 Karlie Verkerk
7%
8 Karmen Lu
7%
11 Kyle Lyons
7%
11 Leah Milburn-Clark
7%
5 Liliana Battle
7%
11 Monica Mignone
7%
5 Neha Sen
7%
8 Nidhi Mahajan
7%
8 Olivia Robinson
7%
9 Pia Gava
7%
2 Sharnee Rawson
7%
9 Tamara Graffen
7%
11 Walleed Rasheed
7%
11 Yossra Abouelfadl
7%
11 Blake Werner
0%
10 Genene Dwyer
0%
8 Nathaniel Milevskiy
0%
No matching quizzes found
Score Distribution
Percent of People with Each Score
Percentile by Number Answered
Your Score History
You have not taken this quiz since the last reset